Wypisz stolice państw znajdujących się na Bliskim Wschodzie - Statystyki

Ogólne statystyki
  • Ten quiz został rozwiązany 782 razy
  • Średni wynik to 9 z 13
Statystyki odpowiedzi
Państwo Stolica % Poprawnych
Arabia Saudyjska Rijad
86%
Izrael Jerozolima
85%
Egipt Kair
82%
Syria Damaszek
80%
Kuwejt Kuwejt
79%
Zjednoczone Emiraty Arabskie Abu Zabi
77%
Cypr Nikozja
76%
Liban Bejrut
64%
Jemen Sana
64%
Oman Maskat
61%
Jordania Amman
59%
Katar Doha
58%
Bahrajn Manama
58%
Nie znaleziono quizów pasujących do podanych kryteriów
Rozkład punktacji
Procent ludzi z każdym wynikiem
Percentyl według liczby udzielonych odpowiedzi
Twoja historia wyników
Nie rozwiązałeś tego quizu